| 000 | 00693nab a2200205 4500 | ||
|---|---|---|---|
| 001 | 244442 | ||
| 003 | OSt | ||
| 005 | 20260108140129.0 | ||
| 007 | tu | ||
| 008 | 260108s2020||||||| | ||
| 040 |
_aDE-2950 _cDE-2950 |
||
| 245 | 0 | 0 |
_aLeise Töne im Advent _bErinnerung. Carl Philipp Emanuel Bah studierte ab 1731 Jura in der Oderstadt. In der Reihe "Frankfurter Köpfe" wurde er jetzt mit einer Tafel geehrt/ _cHeinz Kannenberg |
| 264 | _c2025 | ||
| 653 | _aFrankfurt (Oder) | ||
| 653 | _aNetzwerkstatt | ||
| 653 | _a"Frankfurter Köpfe" | ||
| 653 | _aCarl Philipp Emanuel Bach | ||
| 773 | 0 |
_g36. Jahrgang (2025) Nr. 299 vom 24.12.2025, S. 20 mit Foto _tMärkische Oderzeitung |
|
| 942 |
_2z _cA |
||
| 999 |
_c374182 _d374182 |
||